| 000 | 00866nam a22002417a 4500 | ||
|---|---|---|---|
| 005 | 20240530110351.0 | ||
| 008 | 141223s2009 ua d g b 000 0 ara d | ||
| 017 |
_a2008/22292 _bمصر . دار الكتب المصرية |
||
| 020 | _a9772936208 | ||
| 040 | _aEG-CaGPL | ||
| 041 | 0 | _aara | |
| 082 | 0 | 4 |
_221 _a370.72\ _bح م |
| 100 | 0 | _aحسن شحاتة | |
| 245 | 1 | 2 |
_aالمرجع فى مناهج البحوث التربوية و النفسية / _cحسن شحاتة |
| 250 | _aط1 | ||
| 260 |
_aالقاهرة : _bمكتبة الدار العربية للكتاب ، _c2009 |
||
| 300 |
_a263 ص : _bجداول ؛ _c24 سم |
||
| 504 | _aببليوجرافية : ص 257 - 259 | ||
| 650 | 0 | 4 | _aعلم النفس التربوى |
| 650 | 0 | 4 |
_aالتعليم _xاغراضة واهدافة |
| 942 |
_2ddc _cBK |
||
| 999 |
_c60071 _d60071 |
||